Statistics for Sydney Metro Stations

Click here to take the quiz!

General Stats

  • This quiz has been taken 272 times
    (72 since last reset)
  • The average score is 33 of 46

Answers on the Map

Answers color-coded by a green-red scale on the quiz's map according to % correct below.
 

Answer Stats

Station% Correct
Central
90%
Parramatta
90%
Chatswood
88%
Rouse Hill
85%
Barangaroo
83%
Macquarie University
83%
Tallawong
83%
Castle Hill
81%
Martin Place
81%
Bankstown
80%
Bella Vista
80%
Epping
80%
Macquarie Park
80%
Sydenham
80%
Sydney Olympic Park
80%
Kellyville
78%
Norwest
78%
Cherrybrook
75%
Crows Nest
75%
Hills Showground
75%
Marrickville
75%
North Ryde
75%
Westmead
75%
Gadigal
73%
Victoria Cross
73%
Aerotropolis
71%
Dulwich Hill
69%
Waterloo
69%
Canterbury
68%
North Strathfield
68%
St Marys
68%
Five Dock
66%
Pyrmont
66%
The Bays
66%
Punchbowl
64%
Burwood North
61%
Hunter Street
61%
Lakemba
61%
Wiley Park
61%
Campsie
58%
Hurlstone Park
56%
Belmore
53%
Luddenham
53%
Airport Terminal
46%
Orchard Hills
46%
Airport Business Park
44%

Score Distribution

Percentile by Number Answered

Percent of People with Each Score

Your Score History

You have not taken this quiz since the last reset